Govt. of
Madhya Pradesh

Ancient Indian Tradition & Mythology (Record no. 16263)

MARC details
000 -LEADER
fixed length control field 004530000a22001810004500
001 - CONTROL NUMBER
control field 004372
003 - CONTROL NUMBER IDENTIFIER
control field MACL
005 - DATE AND TIME OF LATEST TRANSACTION
control field 20150704124331.0
008 - FIXED-LENGTH DATA ELEMENTS--GENERAL INFORMATION
fixed length control field 150704b xxu||||| |||| 00| 0 eng d
040 ## - CATALOGING SOURCE
Original cataloging agency MACL
Transcribing agency MACL
041 ## - LANGUAGE CODE
Language code of text/sound track or separate title English
082 ## - DEWEY DECIMAL CLASSIFICATION NUMBER
Classification number 297.122/SIN
100 ## - MAIN ENTRY--PERSONAL NAME
Personal name Bhatt, G.P.
9 (RLIN) 534
245 ## - TITLE STATEMENT
Title Ancient Indian Tradition & Mythology
260 ## - PUBLICATION, DISTRIBUTION, ETC. (IMPRINT)
Place of publication, distribution, etc. New Delhi
Date of publication, distribution, etc. 1990
Name of publisher, distributor, etc. Motilal Banarsi das
650 ## - SUBJECT ADDED ENTRY--TOPICAL TERM
Topical term or geographic name as entry element Religion
9 (RLIN) 535
942 ## - ADDED ENTRY ELEMENTS (KOHA)
Call number prefix 294.59
Koha item type Books
Source of classification or shelving scheme
Holdings
Withdrawn status Lost status Source of classification or shelving scheme Damaged status Not for loan Home library Current library Date acquired Full call number Date last seen Uniform Resource Identifier Price effective from Koha item type
          MACL MACL 15/04/2015 294.59/BHA 29/04/2015 16167 15/04/2015 Books